| 000 | 00612nam a2200169 a 4500 | ||
|---|---|---|---|
| 001 | 4140 | ||
| 005 | 20140414131941.0 | ||
| 008 | 090218s19uu xx 00 eng d | ||
| 050 |
_aTR 170 _bT41 2004 |
||
| 245 |
_aThe three storytellers of Or : _ba think-about-it-book. |
||
| 260 |
_aAlexandria, Va. : _bTime-Life for Children, _cc1991. |
||
| 440 | _aTime-Life early learning program. | ||
| 520 | _aSeven-year-old Jethro finds the solution to a puzzle with a missing piece with the help of three storytellers from the Land of Or. | ||
| 650 | _aProblem solving | ||
| 650 | _aAfrican Americans | ||
| 999 |
_c112599 _d112599 |
||